[Event "POL-ch U18"]
[Site "Szklarska Poreba"]
[Date "2021.03.17"]
[Round "5"]
[White "Kulesza, Andrzej"]
[Black "Mazurek, Bartosz"]
[Result "0-1"]
[WhiteElo "2010"]
[BlackElo "1854"]
[PlyCount "250"]
[EventDate "2021.03.13"]
[EventType "swiss"]
[EventRounds "9"]
[EventCountry "POL"]
[SourceTitle "CBM 201 Extra"]
[Source "ChessBase"]
[SourceDate "2021.05.31"]
[SourceVersion "1"]
[SourceVersionDate "2021.05.31"]
[SourceQuality "1"]

1. e4 d5 2. exd5 Qxd5 3. Nf3 Bg4 4. Be2 Nf6 5. d4 c6 6. 0-0 Qd6 7. c4 e6 8. Nc3 Be7 9. Be3 0-0 10. Qd2 Qc7 11. h3 Bxf3 12. Bxf3 Rd8 13. Qe2 Nbd7 14. Rac1 Qa5 15. a3 Bf8 16. Rfd1 Rac8 17. Bd2 Qa6 18. Bf4 Nb6 19. Ne4 Be7 20. Qc2 Nxe4 21. Bxe4 g6 22. Be5 Nd7 23. Bf4 Nf6 24. Bf3 Rd7 25. Be5 Ne8 26. Be2 Qb6 27. Qc3 Qd8 28. b4 Bf6 29. Bf3 Qe7 30. Re1 Bxe5 31. dxe5 Rcd8 32. Be4 Qg5 33. b5 cxb5 34. cxb5 Rc7 35. Qa1 b6 36. Bc6 Ng7 37. Rcd1 Rcc8 38. Qc3 Nf5 39. Qb4 h5 40. Qe4 Qe7 41. a4 Kg7 42. Qf4 Rxd1 43. Rxd1 Rd8 44. Rxd8 Qxd8 45. g4 hxg4 46. hxg4 Nh6 47. Bf3 Ng8 48. Kg2 Ne7 49. Qb4 Nc8 50. Qe4 Qc7 51. Qd4 Kf8 52. Be4 Kg7 53. Bc6 Kg8 54. Kf3 Qe7 55. Kg3 Kg7 56. Bf3 Qc7 57. Kg2 Kf8 58. Bc6 Kg8 59. Kf1 Kg7 60. Ke2 Qe7 61. Bd7 Qd8 62. Kd3 Qc7 63. Bc6 Qe7 64. f4 Qa3+ 65. Ke2 Qe7 66. Bd7 Qd8 67. f5 gxf5 68. gxf5 exf5 69. e6+ Kg6 70. Qg1+ Kf6 71. Qg3 Ne7 72. Qc3+ Kg6 73. Qg3+ Kf6 74. Qh4+ Kg6 75. exf7 Kxf7 76. Bxf5 Qd6 77. Bd3 Qe5+ 78. Kd2 Qb2+ 79. Bc2 Ke8 80. Qe4 Kf7 81. Kd3 Qa3+ 82. Ke2 Qc5 83. Bb3+ Kf6 84. Qe6+ Kg5 85. Kd3 Nf5 86. Qe4 Qd6+ 87. Kc2 Nd4+ 88. Kb2 Qc5 89. Qe3+ Kf5 90. Qd3+ Ke5 91. Bd1 Qb4+ 92. Ka2 Kf4 93. Ka1 Nf5 94. Qf1+ Ke5 95. Qe2+ Qe4 96. Qh2+ Kd5 97. Bb3+ Kc5 98. Ka2 Nd6 99. Qb2 Nc4 100. Qf2+ Kb4 101. Qf8+ Ka5 102. Qf2 Qd3 103. Qe1+ Nd2 104. Qd1 Qc3 105. Bc2 Kb4 106. Qc1 Qc4+ 107. Kb2 Qd4+ 108. Ka2 Qc3 109. Qb2+ Qxb2+ 110. Kxb2 Nc4+ 111. Kc1 Nd6 112. Kd2 Nb7 113. Kd3 Nc5+ 114. Kd4 Nxa4 115. Kd5 Nc3+ 116. Kc6 Nxb5 117. Bd3 Nd4+ 118. Kb7 a5 119. Kxb6 a4 120. Bb1 Kb3 121. Ka5 a3 122. Bh7 Kb2 123. Bg8 Nb3+ 124. Kb4 a2 125. Bxb3 a1Q 0-1

[Event "POL-chT U19 2nd League"]
[Site "Iwonicz"]
[Date "2016.07.31"]
[Round "5.81"]
[White "Mazurek, Bartosz"]
[Black "Panek, Bartosz"]
[Result "1/2-1/2"]
[WhiteElo "1462"]
[BlackElo "1679"]
[PlyCount "55"]
[EventDate "2016.07.23"]
[EventType "team-swiss"]
[EventRounds "11"]
[EventCountry "POL"]
[SourceTitle "EXT 2019"]
[Source "ChessBase"]
[SourceDate "2018.10.10"]
[SourceVersion "1"]
[SourceVersionDate "2018.10.10"]
[SourceQuality "1"]
[WhiteTeam "Wroclaw MUKS MDK Srodmiescie U19 II"]
[BlackTeam "Rydultowy Ognisko U19 II"]
[WhiteTeamCountry "POL"]
[BlackTeamCountry "POL"]

1. d4 d5 2. c4 e6 3. Nc3 c5 4. e3 Nf6 5. Nf3 Nc6 6. a3 b6 7. cxd5 exd5 8. Bb5 Qd6 9. 0-0 Bd7 10. Re1 Be7 11. e4 Nxe4 12. dxc5 Qxc5 13. Be3 Nxc3 14. Bxc5 Nxd1 15. Bxc6 Bxc6 16. Bxe7 Ba4 17. Nd2 Nxb2 18. Bf6+ Kd7 19. Bxb2 f6 20. f3 Rhe8 21. Kf2 Kd6 22. Rxe8 Rxe8 23. Rc1 Bb5 24. Re1 Rc8 25. Rc1 Re8 26. Re1 Rc8 27. Rc1 Re8 28. Re1 1/2-1/2

[Event "POL-chT U19 2nd League"]
[Site "Iwonicz"]
[Date "2016.07.31"]
[Round "10.75"]
[White "Syrkiewicz, Michal"]
[Black "Mazurek, Bartosz"]
[Result "1/2-1/2"]
[WhiteElo "1389"]
[BlackElo "1462"]
[PlyCount "88"]
[EventDate "2016.07.23"]
[EventType "team-swiss"]
[EventRounds "11"]
[EventCountry "POL"]
[SourceTitle "EXT 2019"]
[Source "ChessBase"]
[SourceDate "2018.10.10"]
[SourceVersion "1"]
[SourceVersionDate "2018.10.10"]
[SourceQuality "1"]
[WhiteTeam "Zielonka Zieloni U20"]
[BlackTeam "Wroclaw MUKS MDK Srodmiescie U19 II"]
[WhiteTeamCountry "POL"]
[BlackTeamCountry "POL"]

1. c4 c5 2. Nc3 Nc6 3. g3 g6 4. Bg2 Bg7 5. Nf3 Nf6 6. 0-0 0-0 7. d3 Ne8 8. a3 Nc7 9. e3 e6 10. Rb1 d5 11. Ne2 dxc4 12. dxc4 Qe7 13. Qc2 Rd8 14. Rd1 Rxd1+ 15. Qxd1 Rb8 16. b3 b6 17. Bb2 Bb7 18. Bxg7 Kxg7 19. Qc2 Kg8 20. Rd1 Ne8 21. Nc3 a6 22. Rd3 Rd8 23. Qd1 Rxd3 24. Qxd3 Na5 25. Nd2 Bxg2 26. Kxg2 Qc7 27. Nce4 Nc6 28. Nf3 Ne5 29. Nxe5 Qxe5 30. f4 Qc7 31. Kf3 Qc6 32. Kf2 Qc7 33. a4 Qc6 34. Kg1 Qc7 35. Nf2 Nf6 36. e4 Qd7 37. Qxd7 Nxd7 38. e5 a5 39. Ne4 h6 40. h4 Kg7 41. g4 h5 42. g5 Kf8 43. Kf2 Ke7 44. Ke3 Kf8 1/2-1/2

[Event "POL-chT U19 2nd League"]
[Site "Iwonicz"]
[Date "2015.08.01"]
[Round "2.82"]
[White "Mazurek, Bartosz"]
[Black "Wojtasik, Szymon"]
[Result "1-0"]
[WhiteElo "1384"]
[BlackElo "1240"]
[PlyCount "135"]
[EventDate "2015.07.25"]
[EventType "team-swiss"]
[EventRounds "11"]
[EventCountry "POL"]
[SourceTitle "EXT 2019"]
[Source "ChessBase"]
[SourceDate "2018.10.10"]
[SourceVersion "1"]
[SourceVersionDate "2018.10.10"]
[SourceQuality "1"]
[WhiteTeam "Wroclaw MUKS MDK Srodmiescie U19 II"]
[BlackTeam "Wielun UKS Piatka U19"]
[WhiteTeamCountry "POL"]
[BlackTeamCountry "POL"]

1. d4 d5 2. c4 c6 3. Nf3 Nf6 4. Bg5 Bf5 5. e3 Ne4 6. b4 Nd7 7. Qb3 Nxg5 8. Nxg5 Nf6 9. Be2 e6 10. Nf3 Be7 11. 0-0 0-0 12. Nc3 Qc7 13. Rfc1 b6 14. cxd5 Rac8 15. dxc6 Qxc6 16. Bb5 Qd6 17. a3 Rc7 18. Ba6 b5 19. Bxb5 Rfc8 20. Qb2 Qb6 21. Bf1 a6 22. Na4 Qb7 23. Rxc7 Rxc7 24. Rc1 Nd5 25. Rxc7 Nxc7 26. Qc1 Be4 27. Nd2 Bc6 28. Nc5 Bxc5 29. Qxc5 Bd7 30. Be2 Qc6 31. Nb3 Be8 32. Qxc6 Bxc6 33. Nc5 Nb5 34. Bxb5 axb5 35. f3 Kf8 36. Kf2 Ke7 37. e4 Kd6 38. Ke3 f6 39. Kd3 g6 40. g3 h5 41. f4 Ba8 42. h3 Bc6 43. Nb3 g5 44. h4 g4 45. Na5 Be8 46. Nb7+ Kc7 47. Nc5 Kd6 48. Ke3 Bc6 49. Nd3 Bd7 50. Nf2 f5 51. e5+ Kd5 52. Kd3 Bc6 53. Nd1 Bd7 54. Nc3+ Kc6 55. a4 bxa4 56. Nxa4 Kb5 57. Nc5 Bc8 58. Kc3 Kc6 59. Kc4 Kc7 60. Kb5 Kb8 61. Kb6 Ka8 62. Kc7 Ba6 63. Nxa6 Ka7 64. Nc5 Ka8 65. b5 Ka7 66. b6+ Ka8 67. b7+ Ka7 68. b8Q# 1-0